000 00270nam a22001217a 4500
008 171108b xxu||||| |||| 00| 0 eng d
041 _aalb
080 _a618.2
100 _a02
101 _aFAR
245 _aKONSUMI I BARNAVE NË KOSOVË
_cJAKUPI,A
942 _2udc
_cBK
999 _c38252
_d38252